Životné prostredie po novelách ochrana ovzdušia : posudzovanie vplyvov na životné prostredie : ochrana prírody a krajiny : voda : odpady

Bibliographic Details
Corporate Author: Slovensko (Author)
Format: Book
Language:Slovak
PhysicalDescription:432 strán 21 cm
Published: Žilina Poradca [2023]
ISBN:9788081622762
Subjects:

MARC

LEADER 00000cam a2200000 4500
001 vtls012248903
003 SK-MaSNL
005 20260426015302.0
008 240125s2023 xo e l 000 0 slo
015 |a SNBI2024 
020 |a 9788081622762  |q (brožované) 
040 |a SNK  |b slo  |c SNK  |e rda 
041 0 |a slo 
043 |a e-xo--- 
044 |a xo  |c SK 
072 7 |a 502  |x Životné prostredie a jeho ochrana  |2 konspekt 
072 7 |a 349  |x Pracovné, sociálne, stavebné právo. Právo životného prostredia  |2 konspekt 
080 |a 502/504  |2 2011 
080 |a 349.6  |2 2011 
080 |a (437.6)  |2 2011 
080 |a (094.5)  |2 2011 
110 1 |a Slovensko  |4 aut  |9 266955 
240 1 0 |a Zákony, etc. 
245 1 0 |a Životné prostredie po novelách  |b ochrana ovzdušia : posudzovanie vplyvov na životné prostredie : ochrana prírody a krajiny : voda : odpady 
264 1 |a Žilina  |b Poradca  |c [2023] 
300 |a 432 strán  |c 21 cm 
336 |a text  |b txt  |2 rdacontent 
337 |a bez média  |b n  |2 rdamedia 
338 |a zväzok  |b nc  |2 rdacarrier 
500 |a Názov z obálky 
500 |a Aktualizácia VI-3/2023 
504 |a Obsahuje bibliografické odkazy 
505 0 0 |t Zákon č. 146/2023 Z.z., o ochrane ovzdušia --  |t Zákon č. 24/2006 Z.z. o posudzovaní vplyvov na životné prostredie --  |t Zákon č. 364/2004 Z.z. o vodách --  |t Zákon č. 39/2013 Z.z. o integrovanej prevencii a kontrole znečisťovania životného prostredia --  |t Zákon č. 543/2002 Z.z. o ochrane prírody a krajiny --  |t Zákon č. 79/2015 Z.z. o odpadoch 
650 0 7 |a životné prostredie  |2 SNKPH  |9 786 
650 0 7 |a Environment  |2 SNKPHeng  |9 267078 
650 0 7 |a Environmental law  |2 SNKPHeng  |9 319535 
650 0 7 |a environmentálne právo  |2 SNKPH  |9 192070 
651 7 |a Slovensko  |2 SNKPHgeo  |9 14231 
651 7 |a Slovakia  |2 SNKPHeng  |9 92630 
655 7 |a zákony  |2 SNKPH  |9 70186 
655 7 |a Laws  |2 SNKPHeng  |9 266957 
710 1 2 |a Slovensko.  |t Zákon o posudzovaní vplyvov na životné prostredie (2006, novela 2023)  |9 749640 
710 1 2 |a Slovensko.  |t Zákon o vodách (2004, novela 2023)  |9 749641 
710 1 2 |a Slovensko.  |t Zákon o integrovanej prevencii a kontrole znečisťovania životného prostredia (2013, novela 2023)  |9 749642 
710 1 2 |a Slovensko.  |t Zákon o ochrane prírody a krajiny (2004, novela 2023)  |9 749643 
710 1 2 |a Slovensko.  |t Zákon o odpadoch (2015, novela 2023)  |9 719137 
710 1 2 |a Slovensko.  |t Zákon o ochrane ovzdušia (2023)  |9 749644 
852 |a Slovenská národná knižnica 
919 |a 978-80-8162-276-2 
954 |a odborná, vedecká literatúra pôvodná (slovenská)  |2 lita 
958 |a NB 
999 |c 1180913  |d 1182843 
952 |a SNK  |b SNK  |y PREZ  |7 0  |p 17A1546260  |o snkSC 205865  |i snk2024/6676  |8 0  |0 0  |1 0  |4 0  |d 2024-04-25  |l 0  |r 2025-10-29 00:00:00  |w 2026-02-24 
952 |a SNK  |b SNK  |y VYP  |7 0  |p 17A1546259  |o snkSC 205865 D1  |i snk2024/6677  |8 0  |0 0  |1 0  |4 0  |d 2024-04-25  |l 0  |r 2026-02-24 21:37:39  |w 2026-02-24